| 000 | 00392nam a2200133Ia 4500 | ||
|---|---|---|---|
| 008 | 220216s9999 xx 000 0 und d | ||
| 100 | _aRajammal G | ||
| 245 | 0 | _aPreparation and properties of deproteinized natural rubber produced using indigenous enzymatic formulations | |
| 260 |
_bRubber Board Bulletin _c1978 |
||
| 300 | _a45-49 | ||
| 650 | _aDPNR | ||
| 700 | _aThomas E V | ||
| 942 | _cJS | ||
| 999 |
_c65563 _d65563 |
||